Calama, provincia El Loa: recopilación de valores patrimoniales, culturales y geográficos. Fundamentos para la formulación de tipologías arquitectónicas y del paisaje
Uloženo v:
| Hlavní autor: | |
|---|---|
| Médium: | Kniha |
| Jazyk: | španělština |
| Vydáno: |
Santiago
Codelco
2001
|
| Vydání: | 2a. ed |
| Témata: | |
| Tagy: |
Přidat tag
Žádné tagy, Buďte první, kdo vytvoří štítek k tomuto záznamu!
|
MARC
| LEADER | 00000nam a2200000 a 4500 | ||
|---|---|---|---|
| 001 | UCN8876 | ||
| 003 | CL-VaPUC | ||
| 008 | 011123e20010300CL |||||||||||||||||spa|d | ||
| 082 | 0 | 4 | |a 720.983 |b ROD |2 21 |
| 100 | 0 | |a Rodríguez Panebianco, Darío |e author |9 465445 | |
| 245 | 1 | 0 | |a Calama, provincia El Loa: recopilación de valores patrimoniales, culturales y geográficos. Fundamentos para la formulación de tipologías arquitectónicas y del paisaje |
| 250 | |a 2a. ed | ||
| 300 | |a 72 p | ||
| 942 | |c BK | ||
| 945 | |d 20011123 00:00:00 |a vberengu | ||
| 260 | |a Santiago |b Codelco |c 2001 | ||
| 650 | 0 | |a Arquitectura |9 804558 | |
| 650 | 0 | |a Arquitectura indígena |9 333207 | |
| 650 | 0 | |a Cultura |9 269059 | |
| 650 | 0 | |a Diseño arquitectónico |9 265271 | |
| 650 | 0 | |a Patrimonio cultural |9 309364 | |
| 651 | 0 | |a Calama |9 447366 | |
| 651 | 7 | |a CHILE |2 CL-VaPUC |9 465447 | |
| 583 | |a last modification |c 20120621 01:55:05 |k Rodrigo Vera | ||
| 999 | |c 298614 |d 298612 | ||
| 952 | |0 0 |1 0 |4 0 |6 720_983000000000000_ROD_2001 |7 0 |8 A |9 354323 |a BIBARQ |b BIBARQ |d 2019-11-21 |i 3776425 |o 720.983 ROD 2001 |p 3776425 |r 2025-01-20 |w 2019-11-21 |y BK |k ARQ | ||